Úloha fundamentálnej analýzy akcií na kapitálovom trhu v Slovenskej republike
Stručné obsahové vymedzenie pojmu akcia, akciová spoločnosť a výnosy z operácií na kapitálovom trhu. Fundamentálna, technická a psychologická analýza. Fázy fundamentálnej analýzy. Podmienky a realizácia fundamentálnej analýzy na slovenskom kapitálovom trhu.
Salvato in:
| Autore principale: | |
|---|---|
| Natura: | Capitolo di libro |
| Lingua: | slovacco |
| Soggetti: | |
| Tags: |
Nessun Tag, puoi essere il primo ad aggiungerne!!
|
MARC
| LEADER | 00000naa$a2200000$$$4500 | ||
|---|---|---|---|
| 001 | 0004551 | ||
| 005 | 20231002130504.5 | ||
| 041 | 0 | |a slo | |
| 044 | |a CZ | ||
| 245 | 1 | 0 | |a Úloha fundamentálnej analýzy akcií na kapitálovom trhu v Slovenskej republike |c aut. Marek Kudzbel |
| 520 | |a Stručné obsahové vymedzenie pojmu akcia, akciová spoločnosť a výnosy z operácií na kapitálovom trhu. Fundamentálna, technická a psychologická analýza. Fázy fundamentálnej analýzy. Podmienky a realizácia fundamentálnej analýzy na slovenskom kapitálovom trhu. | ||
| 610 | 2 | 0 | |a trh kapitálový |
| 610 | 2 | 0 | |a trh finančný |
| 610 | 2 | 0 | |a papiere cenné |
| 610 | 2 | 0 | |a analýza fundamentálna |
| 610 | 2 | 0 | |a Slovensko |
| 100 | 1 | |a Kudzbel, Marek | |